000 00195nam a2200085Ia 4500
008 120527s9999 xx 000 0 und d
100 _aWoolfolk, E.
245 _aEducational Psychology
942 _cBK
999 _c27486
_d27486